000 01568njm a2200337Ia 4500
001 23863
003 IT-RoPAU
005 20220918181130.0
008 131025s9999 xx 000 0 und d
040 _aIT-RoPAU
040 _cIT-RoPAU
999 _c100485
_d100485
999 _bn.d.
100 _aAA.VV.
_9794
100 _eAutore musica
_96765
100 _gCodice autore musica SPICS: 12000
_9796
245 _aEnchanted World of Ferrante & Teicher (The)-Lp Uas 6375
250 _a1a ed.
260 _aUSA
260 _bUNITED ARTISTS RECORDS
_c1964 [1a Ed.:1964]
300 _aDISCO
500 _aMusica strumentale. Arrangiamenti.
505 _aSiroco - Skaters Waltz - Happy Sleigh Ride - Possessed - Dream of Love - Sheherazade - Samson and Delilah - Procession of Sardar - Japanese Garden - Aloha Oe - Mexican Hat Dance - Loch Lomond
650 _aSTRUMENTALE [DISCHI]
_eCodice MATERIA SPICS: 9950
_9828
700 _aFerrante e Teicher
_gCodice autore SPICS: 13930
_96766
_eAutore
700 _aRimskij-Korsakov Nikolai
_gCodice autore musica SPICS: 10687
_eAutore musica
_pSheherazade
_96767
700 _aSaint-Saens Camille
_gCodice autore musica SPICS: 10689
_eAutore musica
_pSamson and Delilah
_96768
700 _aIvanov Vjaceslav Vsevolodovic
_gCodice autore musica SPICS: 5284
_eAutore musica
_pProcession of Sardar
_96769
700 _aPuccini Giacomo
_gCodice autore musica SPICS: 11082
_eAutore musica
_pJapanese Garden
_96770
700 _aAnonimo
_gCodice autore musica SPICS: 2620
_eAutore musica
_pAloha Oe - Mexican Hat Dance - Loch Lomond
_96771
942 _cMD
_2ddc